Top 15 goalkeepers with the most clean sheets in football - Statistics

General Stats
  • This quiz has been taken 83 times
  • The average score is 7 of 15
Answer Stats
Hint Answer % Correct
1 Buffon
96%
3 Casillas
89%
6 Neuer
88%
4 Cech
78%
2 Van Der Sar
76%
8 Kahn
72%
11 Lloris
51%
10 Lehmann
43%
5 Reina
35%
15 Handanovic
26%
12 James
18%
13 Patricio
6%
7 Akinfeev
4%
14 Pyatov
4%
9 Landreau
1%
No matching quizzes found
Score Distribution
Percent of People with Each Score
Percentile by Number Answered
Your Score History
You have not taken this quiz